000 00580nam a2200205Ia 4500
005 20250326143035.0
008 250326s9999 xx 000 0 und d
020 _a81-203-0961-8
037 _aTextbook
040 _aFMSL
_beng
_cFMSL
041 _aeng
_2eng
084 _aX:51:f N3;2
_qFMSL
100 _aTull D S
245 0 _aMarketing research : Measurement & Method
_cTull D S; Hawkins D I
250 _aEd 6
260 _aNew Delhi
_bNew Delhi, Prentice Hall of India
_c1993
300 _a863p
942 _cTB
_hX:51:f N3;2
999 _c1297831
_d1297831